000 00424nam a2200157Ia 4500
003 IQ-KOUCL
041 _aKurdish
082 _a923,2 cut-999 ع
100 _a20260118u\\\\\\\\\\\y0engy0103\\\\ba
100 _aفەرهاد عەونى
245 0 _aدوێنێ ئەمڕۆ م دەنووسى
250 _aچ1
260 _bچاپخانەى سەنگر
_aسلیمانى - العراق
_c2023
300 _a483
942 _cBk
999 _c186402
_d186402